00547nam a2200205Ia 4500001000900000003000500009005001700014008004100031010001100072020001800083040000900101082001100110100003300121245008700154260005400241300001100295500000800306650001000314650001700324dia_1679CHAP20231027105747.0220117s1996 xx 000 0 und d a172225 a968-29-9112-9 cCHAP a531 G80 aGutiérrez Aranzeta, Carlos a60 Experimentos Caseros de Mecánica y Calor /c por Carlos Gutiérrez Aranzeta. aMéxico. Instituto Politécnico Nacional.c1996 a177 p. aC/e aCalor aMecánica.